Normal view
MARC view
Entry Personal Name
001 - CONTROL NUMBER
- control field: 14215
003 - CONTROL NUMBER IDENTIFIER
- control field: ARRUPE
005 - DATE AND TIME OF LATEST TRANSACTION
- control field: 20150119164341.0
008 - FIXED-LENGTH DATA ELEMENTS
- fixed length control field: 150119|| aca||aabn | a|a d
040 ## - CATALOGING SOURCE
- Original cataloging agency: ARRUPE
- Transcribing agency: ARRUPE
100 ## - HEADING--PERSONAL NAME
- Personal name: Schweber, Silvan S.
670 ## - SOURCE DATA FOUND
- Source citation: Work cat.: (ARRUPE): Schweber, Silvan S., An introduction to relativistic quantum field theory/, 1961.